Himalyan Histories: Economy, Polity, Religious Traditions/ (Record no. 176919)

MARC details
000 -LEADER
fixed length control field 00578nam a22001817a 4500
005 - DATE AND TIME OF LATEST TRANSACTION
control field 20210202155343.0
010 ## - LCCN (DPL NO)
LC control number ENG-128918
020 ## - INTERNATIONAL STANDARD BOOK NUMBER
Terms of availability 895.00
International Standard Book Number 978-8-178-24530-0
035 ## - SYSTEM CONTROL NUMBER
System control number EN-112450
037 ## - SOURCE OF ACQUISITION
Source of stock number/acquisition DBAD/PUB
082 ## - DEWEY DECIMAL CLASSIFICATION NUMBER
Classification number 954.96
100 ## - MAIN ENTRY--PERSONAL NAME
Personal name Singh, Chetan
245 ## - TITLE STATEMENT
Title Himalyan Histories: Economy, Polity, Religious Traditions/
Remainder of title Chetan Singh
260 ## - PUBLICATION, DISTRIBUTION, ETC. (IMPRINT)
Place of publication, distribution, etc Ranikhet
Name of publisher, distributor, etc Permanent Black
Date of publication, distribution, etc 2018
270 ## - ADDRESS
City Ranikhet
Postal code 263645
Address Himalyan Mall Road, Ranikhet Cantt,
Electronic mail address perblack@gmail.com
300 ## - PHYSICAL DESCRIPTION
Extent 303p.
Dimensions 22cm(hbk)
942 ## - ADDED ENTRY ELEMENTS (KOHA)
Source of classification or shelving scheme Dewey Decimal Classification
Item type English Books
Classification part 954.96
Call number suffix SIN
Holdings
Withdrawn status Lost status Not for loan Collection code Home library Current library Date acquired Source of acquisition Cost, normal purchase price Full call number Barcode Copy number Cost, replacement price Koha item type
      Non-fiction Sarojini Nagar Sarojini Nagar 02/02/2021 DBAD/PUB 895.00 954.96 SIN EN-112450 1 895.00 English Books

© Delhi Public Library
Hit Counter
free hit counter